000
00303nam a22001337a 4500
008
170302b xxu||||| |||| 00| 0 eng d
020
_a
9780070051157
041
_a
eng
080
_2
2ND
_a
616.073
100
_a
6
101
_a
SHM
245
_a
RADIATION THERAPY PLANNING
_c
BENTEL, G.C
942
_2
udc
_c
BK
999
_c
6544
_d
6544